| 000 | 00814cab a22002175a 4500 | ||
|---|---|---|---|
| 001 | L143804 | ||
| 008 | 080602e20080521xxk f v 000 0 eng d | ||
| 035 | _a(Sirsi) u143804 | ||
| 041 | 0 | _aeng | |
| 100 | 1 | _aPalles-Clark, Rob | |
| 245 | 0 | 0 | _aWithholding damages |
| 260 | _c2008 | ||
| 490 | 0 |
_aContract Journal _v443(6676) 21 May 2008, 32-33(2) |
|
| 520 | _aWith reference to relevant case law, provides a brief analysis of withholding liquidated damages from an adjudicator's decision. | ||
| 590 | _aKA | ||
| 650 | 2 | 4 | _aAVONCROFT CONSTRUCTION LTD V SHARBA HOMES (CN) LTD |
| 650 | 2 | 4 | _aARBITRATION ACT 1996 |
| 651 | 4 |
_aEngland and Wales _y1543- |
|
| 690 | _aMANAGEMENT-DISPUTE AVOIDANCE, MANAGEMENT AND RESOLUTION-DISPUTE MANAGEMENT AND RESOLUTION-ALTERNATIVE DISPUTE RESOLUTION-ADJUDICATION | ||
| 942 | _n0 | ||
| 999 |
_c80284 _d80284 |
||